000 00788nam a22002537a 4500
003 PE SENCICO BE
005 20251020182634.0
008 230330b |||||||| |||| 00| 0 eng d
020 _a9788415829034
040 _aPE SENCICO BE
_cPE SENCICO BE
041 _aeng
_aspa
082 _a720.472
_bI5
110 1 _9238
_aInstituto Monsa de Ediciones
245 1 _aEnergy & ecology new apartments /
_bInstituto Monsa de Ediciones
250 _a1a ed.
260 _aBarcelona :
_bInstituto Monsa de Ediciones,
_c2013
300 _a[116] p.
_bil. col., lams.,
_c30 cm.
650 1 4 _9806
_aArquitectura ecológica
650 2 4 _9280
_aArquitectura sostenible
650 2 4 _9531
_aEnergías renovables
650 2 4 _9844
_aViviendas ecológicas
910 _bhfp
_chfp
942 _2ddc
_cLIB
999 _c4082
_d4082